|
|
|
|
| LEADER |
00000naa2a2200000 4500 |
| 001 |
616532 |
| 005 |
20240118143816.0 |
| 035 |
|
|
|a (RuTPU)RU\TPU\conf\14770
|
| 035 |
|
|
|a RU\TPU\conf\14768
|
| 090 |
|
|
|a 616532
|
| 100 |
|
|
|a 20151230d2015 k y0rusy50 ca
|
| 101 |
0 |
|
|a rus
|
| 102 |
|
|
|a RU
|
| 105 |
|
|
|a y z 101zy
|
| 135 |
|
|
|a drgn ---uucaa
|
| 181 |
|
0 |
|a i
|
| 182 |
|
0 |
|a b
|
| 200 |
1 |
|
|a Методы расчета энергетических характеристик электропривода колебательного движения при безударном пуске
|f Л. А. Паюк, О. В. Гальцева, Н. А. Воронина
|
| 203 |
|
|
|a Текст
|c электронный
|
| 300 |
|
|
|a Заглавие с титульного экрана
|
| 320 |
|
|
|a [Библиогр.: с. 249 (9 назв.)]
|
| 337 |
|
|
|a Adobe Reader
|
| 463 |
|
0 |
|0 (RuTPU)RU\TPU\conf\14479
|t Информационные технологии неразрушающего контроля
|o сборник научных трудов Российской школы конференции с международным участием, Томск, 27-30 октября 2015 г.
|f Национальный исследовательский Томский политехнический университет (ТПУ)
|v [С. 245-249]
|d 2015
|
| 610 |
1 |
|
|a труды учёных ТПУ
|
| 610 |
1 |
|
|a электронный ресурс
|
| 610 |
1 |
|
|a методы расчета
|
| 610 |
1 |
|
|a энергетические характеристики
|
| 610 |
1 |
|
|a электроприводы
|
| 610 |
1 |
|
|a колебательные движения
|
| 610 |
1 |
|
|a безударный пуск
|
| 700 |
|
1 |
|a Паюк
|b Л. А.
|c специалист в области электротехники
|c старший преподаватель Томского политехнического университета, кандидат технических наук
|f 1981-
|g Любовь Анатольевна
|3 (RuTPU)RU\TPU\pers\25685
|9 11596
|
| 701 |
|
1 |
|a Гальцева
|b О. В.
|c специалист в области электротехники
|c доцент Томского политехнического университета, кандидат технических наук
|f 1979-
|g Ольга Валерьевна
|3 (RuTPU)RU\TPU\pers\29653
|9 14166
|
| 701 |
|
1 |
|a Воронина
|b Н. А.
|c специалист в области электротехники
|c доцент Томского политехнического университета, кандидат технических наук
|f 1980-
|g Наталья Алексеевна
|3 (RuTPU)RU\TPU\pers\25665
|9 11576
|
| 712 |
0 |
2 |
|a Национальный исследовательский Томский политехнический университет (ТПУ)
|b Энергетический институт (ЭНИН)
|b Кафедра электропривода и электрооборудования (ЭПЭО)
|3 (RuTPU)RU\TPU\col\18674
|
| 712 |
0 |
2 |
|a Национальный исследовательский Томский политехнический университет (ТПУ)
|b Институт неразрушающего контроля (ИНК)
|b Кафедра физических методов и приборов контроля качества (ФМПК)
|3 (RuTPU)RU\TPU\col\18709
|
| 801 |
|
2 |
|a RU
|b 63413507
|c 20210224
|g RCR
|
| 856 |
4 |
|
|u http://earchive.tpu.ru/handle/11683/15347
|
| 856 |
4 |
|
|u http://www.lib.tpu.ru/fulltext/c/2015/C111/051.pdf
|
| 942 |
|
|
|c BK
|